00535cam a22001813a 450000100060000000300060000600500170001200800410002904000150007004200070008510000300009224500810012226000290020350600300023251600200026283000290028285600420031138686PGUSA20140828083843.0120127s2012||||xxu|||||s|||||000 | eng d aPGUSAbeng adc1 aZweig, Stefan,d1881-194210aDie Liebe der Erika Ewald :bNovellenh[electronic resource] /cStefan Zweig bProject Gutenberg,c2012 aPublic domain in the USA. aElectronic text 0aProject Gutenbergv3868640uhttp://www.gutenberg.org/ebooks/38686